|
|
|
|
| LEADER |
00000nam0a2200000 4500 |
| 001 |
338204 |
| 005 |
20231102005027.0 |
| 035 |
|
|
|a (RuTPU)RU\TPU\book\364693
|
| 090 |
|
|
|a 338204
|
| 100 |
|
|
|a 20171121d1935 k y0rusy50 ca
|
| 101 |
0 |
|
|a rus
|
| 102 |
|
|
|a RU
|
| 105 |
|
|
|a a z 000zy
|
| 200 |
1 |
|
|a К характеристике разрезов нижне-карбоновых отложений района горы Урмуктуй и гор Хаптагай в Монголии
|f П. П. Сизова
|g Академия наук СССР (АН СССР), Научно-исследовательский комитет МНР
|
| 210 |
|
|
|a Ленинград
|c Изд-во Академии наук СССР
|d 1935
|
| 215 |
|
|
|a 13 с.
|c ил.
|
| 225 |
1 |
|
|a Труды Монгольской комиссии
|v Вып. 15
|
| 606 |
1 |
|
|a Карбон нижний
|2 stltpush
|3 (RuTPU)RU\TPU\subj\13835
|9 40387
|
| 610 |
1 |
|
|a историческая геология
|
| 610 |
1 |
|
|a Монголия
|
| 610 |
1 |
|
|a нижнекарбоновые отложения
|
| 610 |
1 |
|
|a геологические исследования
|
| 610 |
1 |
|
|a палеонтологические данные
|
| 610 |
1 |
|
|a тектоника
|
| 610 |
1 |
|
|a складчатость
|
| 610 |
1 |
|
|a библиотека М. А. Усова
|
| 675 |
|
|
|a 551.735.1
|v 4
|
| 700 |
|
1 |
|a Сизова
|b П. П.
|
| 712 |
0 |
2 |
|a Академия наук СССР (АН СССР)
|b Научно-исследовательский комитет МНР
|c (Ленинград/Москва)
|c (1925-1991)
|2 stltpush
|3 (RuTPU)RU\TPU\col\722
|
| 801 |
|
1 |
|a RU
|b 63413507
|c 20171121
|
| 801 |
|
2 |
|a RU
|b 63413507
|c 20180209
|g RCR
|
| 942 |
|
|
|c BK
|